00868nam a2200253 i 450000100060000000300090000600500170001500700030003200800410003502000180007608000180009410000420011224500600015426000320021430000210024649000330026750000140030050400340031465000670034883000380041585200220045399900170047595201220049211377ES-MaACL20250807063204.0t|930708s1992 sp ||||0| spa j a84-7100-219-1 a892.7(460).091 aRubiera Mata, María Jesús910031610aLiteratura hispanoárabe / cMª Jesús Rubiera Mata. aMadrid : bMAPFRE, c[1992] a283 p ; c23 cm.1 aColección Al-Andalus ; v3 aÍndice. aBibliografía: p. [269]-272. 4aLiteratura árabe-zAl-Andalus-xHistoria y crítica.91450500aColección Al-Andalusv39178982 aES-MaACLjL-18701 c11377d11377 00104070aATENEOMbATENEOMcDEPO2d2008-01-17eSCl0oL-18701p1011600r2023-02-23 00:00:00w2023-02-23yMONOGRAFIA